<?xml version="1.0" encoding="UTF-8"?>
<record
    xmlns:xsi="http://www.w3.org/2001/XMLSchema-instance"
    xsi:schemaLocation="http://www.loc.gov/MARC21/slim http://www.loc.gov/standards/marcxml/schema/MARC21slim.xsd"
    xmlns="http://www.loc.gov/MARC21/slim">

  <leader>00740nam a22001577a 4500</leader>
  <controlfield tag="003">OSt</controlfield>
  <controlfield tag="005">20160823141801.0</controlfield>
  <controlfield tag="008">160823b        xxu||||| |||| 00| 0 eng d</controlfield>
  <datafield tag="040" ind1=" " ind2=" ">
    <subfield code="c">RUA</subfield>
  </datafield>
  <datafield tag="082" ind1=" " ind2=" ">
    <subfield code="a">AGR KUN 2015 B513 Or.1</subfield>
  </datafield>
  <datafield tag="100" ind1=" " ind2=" ">
    <subfield code="9">9381</subfield>
    <subfield code="a">KUN VANRA, &#x1782;&#x17BB;&#x1793; &#x179C;&#x178E;&#x17D2;&#x178E;&#x179A;&#x17C9;&#x17B6;</subfield>
  </datafield>
  <datafield tag="245" ind1=" " ind2=" ">
    <subfield code="a">Comparison of different kids of fertilizer on lettuce (Lacutac sativa L.) at crop staytion of royal university of agriculture, &#x1794;&#x17D2;&#x179A;&#x17C0;&#x1794;&#x1792;&#x17C0;&#x1794;&#x1794;&#x17D2;&#x179A;&#x1797;&#x17C1;&#x1791;&#x1787;&#x17B8;&#x1781;&#x17BB;&#x179F;&#x17D7;&#x1782;&#x17D2;&#x1793;&#x17B6;&#x1791;&#x17C5;&#x179B;&#x17BE;&#x178A;&#x17C6;&#x178E;&#x17B6;&#x17C6;&#x179F;&#x17B6;&#x179B;&#x17B6;&#x178A;&#x1793;&#x17C5;&#x1780;&#x17D2;&#x1793;&#x17BB;&#x1784;&#x179F;&#x17B6;&#x1780;&#x179B;&#x179C;&#x17B7;&#x1791;&#x17D2;&#x1799;&#x17B6;&#x179B;&#x17D0;&#x1799;&#x1797;&#x17BC;&#x1798;&#x17B7;&#x1793;&#x17D2;&#x1791;&#x1780;&#x179F;&#x17B7;&#x1780;&#x1798;&#x17D2;&#x1798;  </subfield>
  </datafield>
  <datafield tag="260" ind1=" " ind2=" ">
    <subfield code="a">Phnom Penh</subfield>
    <subfield code="b">RUA</subfield>
    <subfield code="c">2015</subfield>
  </datafield>
  <datafield tag="300" ind1=" " ind2=" ">
    <subfield code="a">xiii; 53p.</subfield>
    <subfield code="b">ill.</subfield>
    <subfield code="c">29cm.</subfield>
  </datafield>
  <datafield tag="942" ind1=" " ind2=" ">
    <subfield code="2">ddc</subfield>
    <subfield code="c">AGR</subfield>
  </datafield>
  <datafield tag="999" ind1=" " ind2=" ">
    <subfield code="c">9033</subfield>
    <subfield code="d">9033</subfield>
  </datafield>
  <datafield tag="952" ind1=" " ind2=" ">
    <subfield code="0">0</subfield>
    <subfield code="1">0</subfield>
    <subfield code="2">ddc</subfield>
    <subfield code="4">0</subfield>
    <subfield code="6">AGR_KUN_2015_000000000000000_B513_OR_1</subfield>
    <subfield code="7">0</subfield>
    <subfield code="9">50526</subfield>
    <subfield code="a">LBB</subfield>
    <subfield code="b">LBB</subfield>
    <subfield code="c">B513</subfield>
    <subfield code="d">2016-08-23</subfield>
    <subfield code="o">AGR KUN 2015 B513 Or.1</subfield>
    <subfield code="p">RUA061920</subfield>
    <subfield code="r">2016-08-23</subfield>
    <subfield code="w">2016-08-23</subfield>
    <subfield code="y">AGR</subfield>
  </datafield>
  <datafield tag="952" ind1=" " ind2=" ">
    <subfield code="0">0</subfield>
    <subfield code="1">0</subfield>
    <subfield code="2">ddc</subfield>
    <subfield code="4">0</subfield>
    <subfield code="6">AGR_KUN_2015_000000000000000_B513_OR_2</subfield>
    <subfield code="7">0</subfield>
    <subfield code="9">50527</subfield>
    <subfield code="a">LBB</subfield>
    <subfield code="b">LBB</subfield>
    <subfield code="c">B513</subfield>
    <subfield code="d">2016-08-23</subfield>
    <subfield code="o">AGR KUN 2015 B513 Or.2</subfield>
    <subfield code="p">RUA061658</subfield>
    <subfield code="r">2016-08-23</subfield>
    <subfield code="w">2016-08-23</subfield>
    <subfield code="y">AGR</subfield>
  </datafield>
  <datafield tag="952" ind1=" " ind2=" ">
    <subfield code="0">0</subfield>
    <subfield code="1">0</subfield>
    <subfield code="2">ddc</subfield>
    <subfield code="4">0</subfield>
    <subfield code="6">AGR_KUN_2015_000000000000000_B513_OR_3</subfield>
    <subfield code="7">0</subfield>
    <subfield code="9">50528</subfield>
    <subfield code="a">LBB</subfield>
    <subfield code="b">LBB</subfield>
    <subfield code="c">B513</subfield>
    <subfield code="d">2016-08-23</subfield>
    <subfield code="l">1</subfield>
    <subfield code="o">AGR KUN 2015 B513 Or.3</subfield>
    <subfield code="p">RUA062362</subfield>
    <subfield code="r">2020-09-23</subfield>
    <subfield code="s">2020-09-08</subfield>
    <subfield code="w">2016-08-23</subfield>
    <subfield code="y">AGR</subfield>
  </datafield>
  <datafield tag="952" ind1=" " ind2=" ">
    <subfield code="0">0</subfield>
    <subfield code="1">0</subfield>
    <subfield code="2">ddc</subfield>
    <subfield code="4">0</subfield>
    <subfield code="6">AGR_KUN_2015_000000000000000_B513_OR_4</subfield>
    <subfield code="7">0</subfield>
    <subfield code="9">50529</subfield>
    <subfield code="a">LBB</subfield>
    <subfield code="b">LBB</subfield>
    <subfield code="c">B513</subfield>
    <subfield code="d">2016-08-23</subfield>
    <subfield code="o">AGR KUN 2015 B513 Or.4</subfield>
    <subfield code="p">RUA062052</subfield>
    <subfield code="r">2016-08-23</subfield>
    <subfield code="w">2016-08-23</subfield>
    <subfield code="y">AGR</subfield>
  </datafield>
  <datafield tag="952" ind1=" " ind2=" ">
    <subfield code="0">0</subfield>
    <subfield code="1">0</subfield>
    <subfield code="2">ddc</subfield>
    <subfield code="4">0</subfield>
    <subfield code="6">AGR_KUN_2015_000000000000000_B513_OR_5</subfield>
    <subfield code="7">0</subfield>
    <subfield code="9">50530</subfield>
    <subfield code="a">LBB</subfield>
    <subfield code="b">LBB</subfield>
    <subfield code="c">B513</subfield>
    <subfield code="d">2016-08-23</subfield>
    <subfield code="l">2</subfield>
    <subfield code="o">AGR KUN 2015 B513 Or.5</subfield>
    <subfield code="p">RUA061700</subfield>
    <subfield code="r">2019-08-16</subfield>
    <subfield code="s">2019-08-09</subfield>
    <subfield code="w">2016-08-23</subfield>
    <subfield code="y">AGR</subfield>
  </datafield>
  <datafield tag="952" ind1=" " ind2=" ">
    <subfield code="0">0</subfield>
    <subfield code="1">0</subfield>
    <subfield code="2">ddc</subfield>
    <subfield code="4">0</subfield>
    <subfield code="6">AGR_KUN_2015_000000000000000_B513_OR_6</subfield>
    <subfield code="7">0</subfield>
    <subfield code="9">50531</subfield>
    <subfield code="a">LBB</subfield>
    <subfield code="b">LBB</subfield>
    <subfield code="c">B513</subfield>
    <subfield code="d">2016-08-23</subfield>
    <subfield code="o">AGR KUN 2015 B513 Or.6</subfield>
    <subfield code="p">RUA062207</subfield>
    <subfield code="r">2016-08-23</subfield>
    <subfield code="w">2016-08-23</subfield>
    <subfield code="y">AGR</subfield>
  </datafield>
  <datafield tag="952" ind1=" " ind2=" ">
    <subfield code="0">0</subfield>
    <subfield code="1">0</subfield>
    <subfield code="2">ddc</subfield>
    <subfield code="4">0</subfield>
    <subfield code="6">AGR_KUN_2015_000000000000000_B513_OR_7</subfield>
    <subfield code="7">0</subfield>
    <subfield code="9">50532</subfield>
    <subfield code="a">LBB</subfield>
    <subfield code="b">LBB</subfield>
    <subfield code="c">B513</subfield>
    <subfield code="d">2016-08-23</subfield>
    <subfield code="o">AGR KUN 2015 B513 Or.7</subfield>
    <subfield code="p">RUA061735</subfield>
    <subfield code="r">2016-08-23</subfield>
    <subfield code="w">2016-08-23</subfield>
    <subfield code="y">AGR</subfield>
  </datafield>
  <datafield tag="952" ind1=" " ind2=" ">
    <subfield code="0">0</subfield>
    <subfield code="1">0</subfield>
    <subfield code="2">ddc</subfield>
    <subfield code="4">0</subfield>
    <subfield code="6">AGR_KUN_2015_000000000000000_B513_OR_8</subfield>
    <subfield code="7">0</subfield>
    <subfield code="9">50533</subfield>
    <subfield code="a">LBB</subfield>
    <subfield code="b">LBB</subfield>
    <subfield code="c">B513</subfield>
    <subfield code="d">2016-08-23</subfield>
    <subfield code="l">1</subfield>
    <subfield code="o">AGR KUN 2015 B513 Or.8</subfield>
    <subfield code="p">RUA062226</subfield>
    <subfield code="r">2016-12-28</subfield>
    <subfield code="s">2016-12-06</subfield>
    <subfield code="w">2016-08-23</subfield>
    <subfield code="y">AGR</subfield>
  </datafield>
</record>
